Statistics for NBA season assists leaders

Click here to take the quiz!

General Stats

  • This quiz has been taken 102 times
    (57 since last reset)
  • The average score is 35 of 46

Answer Stats

Year Leader Team Assists/game % Correct
1996John StocktonJazz11,17
100%
2011Steve NashSuns11,42
100%
1987Magic JohnsonLakers12,21
100%
2004Jason KiddNets9,22
100%
2019Russell WestbrookThunder10,74
98%
2015Chris PaulClippers10,20
96%
2017James HardenRockets11,19
94%
1985Isiah ThomasPistons13,86
94%
2016Rajon RondoKings11,70
92%
2002Andre MillerCavaliers10,89
44%
1997Mark JacksonNuggets/Pacers11,40
42%
1998Rod StricklandWizards10,54
23%
1981Kevin PorterBullets9,06
12%
1982Johnny MooreSpurs9,65
10%
1980Michael Ray RichardsonKnicks10,15
10%
1977Don BusePacers8,46
8%
1976Don WattsSuperSonics8,06
8%
1974Ernie DiGregorioBraves8,19
8%

Score Distribution

Percentile by Number Answered

Percent of People with Each Score

Your Score History

You have not taken this quiz since the last reset